Dictionary of science and technology. (Record no. 61226)

000 -LEADER
fixed length control field 01174cam a2200325 i 4500
001 - CONTROL NUMBER
control field 795361
003 - CONTROL NUMBER IDENTIFIER
control field NUST-PNEC
005 - DATE AND TIME OF LATEST TRANSACTION
control field 20170116180717.0
008 - FIXED-LENGTH DATA ELEMENTS--GENERAL INFORMATION
fixed length control field 750102s1974 stka d 000 0 eng
010 ## - LIBRARY OF CONGRESS CONTROL NUMBER
LC control number 74190675
015 ## - NATIONAL BIBLIOGRAPHY NUMBER
National bibliography number GB74-19989
020 ## - INTERNATIONAL STANDARD BOOK NUMBER
International Standard Book Number 0550132023
040 ## - CATALOGING SOURCE
Transcribing agency PNEC
050 00 - LIBRARY OF CONGRESS CALL NUMBER
Classification number Q123
Item number .D53 1974
082 00 - DEWEY DECIMAL CLASSIFICATION NUMBER
Classification number 503 COL
100 ## - MAIN ENTRY--PERSONAL NAME
9 (RLIN) 741
Personal name Collocott, T.C.
245 00 - TITLE STATEMENT
Title Dictionary of science and technology.
250 ## - EDITION STATEMENT
Edition statement Revised ed. /
Remainder of edition statement Editors, T. C. Collocott, A. B. Dobson.
260 ## - PUBLICATION, DISTRIBUTION, ETC.
Place of publication, distribution, etc. Edinburgh :
Name of publisher, distributor, etc. W. and R. Chambers,
Date of publication, distribution, etc. 1974.
300 ## - PHYSICAL DESCRIPTION
Extent xvi, 1328 p. :
Other physical details ill. ;
Dimensions 22 cm.
500 ## - GENERAL NOTE
General note http://www.amazon.com/Chambers-Dictionary-Science-Technology-Collocott/dp/0550132023/ref=sr_1_1?s=books&ie=UTF8&qid=1413949968&sr=1-1&keywords=0550132023
500 ## - GENERAL NOTE
General note Spine title: Chambers dictionary of science and technology.
650 #0 - SUBJECT ADDED ENTRY--TOPICAL TERM
Topical term or geographic name entry element Science
General subdivision Dictionaries.
-- General
650 #0 - SUBJECT ADDED ENTRY--TOPICAL TERM
Topical term or geographic name entry element Technology
General subdivision Dictionaries.
700 1# - ADDED ENTRY--PERSONAL NAME
Personal name Collocott, T. C.,
Relator term ed.
700 1# - ADDED ENTRY--PERSONAL NAME
Personal name Dobson, A. B.
Fuller form of name (Alan Binaloss),
Relator term ed.
740 ## - ADDED ENTRY--UNCONTROLLED RELATED/ANALYTICAL TITLE
Uncontrolled related/analytical title Chambers dictionary of science and technology.
906 ## - LOCAL DATA ELEMENT F, LDF (RLIN)
a 7
b cbc
c orignew
d 3
e ncip
f 19
g y-gencatlg
942 ## - ADDED ENTRY ELEMENTS (KOHA)
Source of classification or shelving scheme
Koha item type Book
Holdings
Withdrawn status Lost status Source of classification or shelving scheme Damaged status Not for loan Permanent Location Current Location Shelving location Date acquired Source of acquisition Cost, normal purchase price Total Checkouts Full call number Barcode Date last seen Cost, replacement price Price effective from Koha item type
          Pakistan Navy Engineering College (PNEC) Pakistan Navy Engineering College (PNEC) Reference 05/29/1985 Progressive International Agency 262.00   503 COL PNECLIB-006440 10/22/2014 262.00 05/29/1985 Book
© 2023 Central Library, National University of Sciences and Technology. All Rights Reserved.